000 00769nam a2200229 a 4500
999 _c11639
_d11639
001 11639
003 BD-JhCC
005 20200713095909.0
008 200713b20072019bg |||| ||a| 000 0 ben d
020 _a9848401326
035 _a(BD-JhCC)
040 _aBD-JhCC
_dBD-JhCC
041 _aben
082 _a891.4409
_bKAZ 2019
245 _aপ্রবন্ধ-সংগ্রহ:
_cকাজী মোতাহার হোসেন /
_bসম্পা: আবুল আহসান চৌধুরী ।
260 _aঢাকা:
_bনবযুগ প্রকাশনী;
_c২০১৯.
300 _a680 p. :
_c22 cm.
650 _aBangali Literature
700 _aচৌধুরী, আবুল আহসান
942 _2ddc
_cBK